All Cities in China - Statistics

General Stats
  • This quiz has been taken 21 times
  • The average score is 78 of 343
Answer Stats
Province Answer % Correct
Shanghai Shanghai
100%
Beijing Beijing
94%
Chongqing Chongqing
94%
Hong Kong Hong Kong
94%
Macau Macau
94%
Tianjin Tianjin
94%
Sichuan Chengdu
88%
Guangdong Guangzhou
88%
Zhejiang Hangzhou
88%
Fujian | Jiangxi Fuzhou
81%
Heilongjiang Harbin
81%
Xinjiang Ürümqi
81%
Shaanxi Xi'an
81%
Liaoning Shenyang
75%
Guangdong Shenzhen
75%
Anhui | Jiangsu Suzhou
75%
Liaoning Dalian
69%
Yunnan Dali Bai AP
69%
Taiwan Taipei
69%
Hubei Wuhan
69%
Fujian Xiamen
69%
Anhui Hefei
63%
Tibet Lhasa
63%
Jiangsu Nanjing
63%
Guangxi Nanning
63%
Henan Zhengzhou
63%
Hunan Changsha
56%
Jilin Jilin
56%
Shandong Jinan
56%
Yunnan Kunming
56%
Jilin Changchun
50%
Hainan Haikou
50%
Qinghai Hainan Tibetan AP
50%
Anhui Huainan
50%
Shanxi Taiyuan
50%
Zhejiang Wenzhou
50%
Sichuan Ya'an
50%
Inner Mongolia Hohhot
44%
Henan Luoyang
44%
Taiwan New Taipei
44%
Guangdong Shantou
44%
Jiangsu Wuxi
44%
Jiangsu Xuzhou
44%
Hebei Baoding
38%
Shanxi Datong
38%
Guizhou Guiyang
38%
Guangdong Huizhou
38%
Gansu Lanzhou
38%
Hebei Shijiazhuang
38%
Taiwan Taichung
38%
Taiwan Tainan
38%
Hebei Tangshan
38%
Shandong Weifang
38%
Shandong Yantai
38%
Shandong Zibo
38%
Henan Anyang
31%
Inner Mongolia Baotou
31%
Hebei Cangzhou
31%
Jiangsu Changzhou
31%
Guangdong Dongguan
31%
Guangdong Foshan
31%
Jiangxi Ganzhou
31%
Zhejiang Huzhou
31%
Gansu Jiuquan
31%
Taiwan Kaohsiung
31%
Xinjiang Kashgar Prefecture
31%
Yunnan Lijiang
31%
Shandong Linyi
31%
Guangxi Liuzhou
31%
Jiangxi Nanchang
31%
Inner Mongolia Ordos
31%
Fujian Putian
31%
Hebei Qinhuangdao
31%
Fujian Quanzhou
31%
Jiangsu | Zhejiang Taizhou
31%
Qinghai Xining
31%
Ningxia Yinchuan
31%
Guangdong Zhongshan
31%
Liaoning Anshan
25%
Shaanxi Baoji
25%
Anhui Bengbu
25%
Hunan Chenzhou
25%
Inner Mongolia Chifeng
25%
Liaoning Dandong
25%
Anhui Fuyang
25%
Hebei Handan
25%
Heilongjiang Heihe
25%
Jiangxi Ji'an
25%
Shandong Jining
25%
Heilongjiang Jixi
25%
Henan Kaifeng
25%
Guangdong Maoming
25%
Jiangsu Nantong
25%
Zhejiang Ningbo
25%
Henan Pingdingshan
25%
Heilongjiang Qiqihar
25%
Hainan Sanya
25%
Taiwan Taoyuan
25%
Hubei Xiangyang
25%
Shaanxi Xianyang
25%
Henan Xinyang
25%
Henan Xuchang
25%
Jiangsu Yangzhou
25%
Hebei Zhangjiakou
25%
Fujian Zhangzhou
25%
Guangdong Zhuhai
25%
Hunan Zhuzhou
25%
Xinjiang Altay Prefecture
19%
Anhui Anqing
19%
Shandong Binzhou
19%
Anhui Bozhou
19%
Liaoning Chaoyang
19%
Guangdong Chaozhou
19%
Anhui Chuzhou
19%
Hainan Danzhou
19%
Heilongjiang Daqing
19%
Shandong Dongying
19%
Hubei Enshi Tujia and Miao AP
19%
Hubei Ezhou
19%
Guangxi Guilin
19%
Qinghai Haibei Tibetan AP
19%
Qinghai Haidong
19%
Qinghai Haixi Mongol and Tibetan AP
19%
Jiangsu Huai'an
19%
Anhui Huaibei
19%
Liaoning Huludao
19%
Xinjiang Ili Kazakh AP
19%
Guangdong Jiangmen
19%
Guangdong Jieyang
19%
Jiangxi Jingdezhen
19%
Liaoning Jinzhou
19%
Jiangxi Jiujiang
19%
Xinjiang Karamay
19%
Hebei Langfang
19%
Sichuan Leshan
19%
Jiangsu Lianyungang
19%
Zhejiang Lishui
19%
Sichuan Luzhou
19%
Guangdong Meizhou
19%
Sichuan Mianyang
19%
Heilongjiang Mudanjiang
19%
Sichuan Nanchong
19%
Tibet Ngari Prefecture
19%
Tibet Nyingchi
19%
Gansu Pingliang
19%
Henan Puyang
19%
Tibet Qamdo
19%
Zhejiang Quzhou
19%
Shandong Rizhao
19%
Henan Sanmenxia
19%
Fujian Sanming
19%
Guangdong Shanwei
19%
Guangdong Shaoguan
19%
Zhejiang Shaoxing
19%
Hubei Shiyan
19%
Hubei Suizhou
19%
Jiangsu Suqian
19%
Shandong Tai'an
19%
Gansu Tianshui
19%
Inner Mongolia Ulanqab
19%
Shandong Weihai
19%
Anhui Wuhu
19%
Hebei Xingtai
19%
Henan Xinxiang
19%
Yunnan Xishuangbanna Dai AP
19%
Jilin Yanbian Korean AP
19%
Jiangsu Yancheng
19%
Guangxi | Shaanxi Yulin
19%
Shandong Zaozhuang
19%
Hunan Zhangjiajie
19%
Gansu Zhangye
19%
Guangdong Zhanjiang
19%
Henan Zhumadian
19%
Guizhou Zunyi
19%
Xinjiang Aksu Prefecture
13%
Inner Mongolia Alxa League
13%
Guangxi Baise
13%
Gansu Baiyin
13%
Yunnan Baoshan
13%
Inner Mongolia Bayannur
13%
Sichuan Bazhong
13%
Guangxi Beihai
13%
Liaoning Benxi
13%
Xinjiang Bortala Mongol AP
13%
Hunan Changde
13%
Hebei Chengde
13%
Yunnan Chuxiong Yi AP
13%
Sichuan Dazhou
13%
Shandong Dezhou
13%
Guangxi Fangchenggang
13%
Liaoning Fushun
13%
Liaoning Fuxin
13%
Sichuan Garzê Tibetan AP
13%
Sichuan Guangyuan
13%
Ningxia Guyuan
13%
Xinjiang Hami
13%
Shaanxi Hanzhong
13%
Henan Hebi
13%
Guangxi Hechi
13%
Hebei Hengshui
13%
Hunan Hengyang
13%
Guangdong Heyuan
13%
Shandong Heze
13%
Inner Mongolia Hinggan League
13%
Yunnan Honghe Hani and Yi AP
13%
Xinjiang Hotan Prefecture
13%
Hunan Huaihua
13%
Qinghai Huangnan Tibetan AP
13%
Anhui Huangshan
13%
Henan Jiaozuo
13%
Gansu Jiayuguan
13%
Shanxi Jincheng
13%
Hubei Jingmen
13%
Hubei Jingzhou
13%
Zhejiang Jinhua
13%
Shanxi Jinzhong
13%
Shandong Liaocheng
13%
Liaoning Liaoyang
13%
Jilin Liaoyuan
13%
Yunnan Lincang
13%
Shanxi Linfen
13%
Guizhou Liupanshui
13%
Gansu Longnan
13%
Fujian Longyan
13%
Anhui Lu'an
13%
Shanxi Lüliang
13%
Henan Luohe
13%
Anhui Ma'anshan
13%
Henan Nanyang
13%
Liaoning Panjin
13%
Sichuan Panzhihua
13%
Yunnan Pu'er
13%
Guizhou Qiandongnan Miao and Dong AP
13%
Guizhou Qiannan Buyei and Miao AP
13%
Guizhou Qianxinan Buyei and Miao AP
13%
Guangdong Qingyuan
13%
Yunnan Qujing
13%
Hainan Sansha
13%
Jiangxi Shangrao
13%
Tibet Shannan
13%
Hunan Shaoyang
13%
Jilin Siping
13%
Jilin Songyuan
13%
Xinjiang Tacheng Prefecture
13%
Jilin Tonghua
13%
Inner Mongolia Tongliao
13%
Anhui Tongling
13%
Xinjiang Turpan
13%
Shaanxi Weinan
13%
Yunnan Wenshan Zhuang and Miao AP
13%
Ningxia Wuzhong
13%
Guangxi Wuzhou
13%
Hunan Xiangtan
13%
Tibet Xigazê
13%
Guangdong Yangjiang
13%
Sichuan Yibin
13%
Hubei Yichang
13%
Liaoning Yingkou
13%
Shanxi Yuncheng
13%
Qinghai Yushu Tibetan AP
13%
Yunnan Yuxi
13%
Guangdong Zhaoqing
13%
Jiangsu Zhenjiang
13%
Ningxia Zhongwei
13%
Zhejiang Zhoushan
13%
Sichuan Zigong
13%
Shaanxi Ankang
6%
Guizhou Anshun
6%
Jilin Baicheng
6%
Jilin Baishan
6%
Xinjiang Bayingolin Mongol AP
6%
Guizhou Bijie
6%
Shanxi Changzhi
6%
Anhui Chizhou
6%
Guangxi Chongzuo
6%
Yunnan Dehong Dai and Jingpo AP
6%
Sichuan Deyang
6%
Gansu Dingxi
6%
Yunnan Diqing Tibetan AP
6%
Gansu Gannan Tibetan AP
6%
Sichuan Guang'an
6%
Guangxi Guigang
6%
Qinghai Guoluo Tibetan AP
6%
Heilongjiang Hegang
6%
Guangxi Hezhou
6%
Hubei Huanggang
6%
Hubei Huangshi
6%
Inner Mongolia Hulunbuir
6%
Heilongjiang Jiamusi
6%
Zhejiang Jiaxing
6%
Gansu Jinchang
6%
Xinjiang Kizilsu Kyrgyz AP
6%
Guangxi Laibin
6%
Gansu Linxia Hui AP
6%
Hunan Loudi
6%
Sichuan Meishan
6%
Tibet Nagqu
6%
Fujian Nanping
6%
Sichuan Neijiang
6%
Sichuan Ngawa Tibetan and Qiang AP
6%
Fujian Ningde
6%
Yunnan Nujiang Lisu AP
6%
Jiangxi Pingxiang
6%
Gansu Qingyang
6%
Guangxi Qinzhou
6%
Heilongjiang Qitaihe
6%
Shaanxi Shangluo
6%
Henan Shangqiu
6%
Ningxia Shizuishan
6%
Heilongjiang Shuangyashan
6%
Shanxi Shuozhou
6%
Sichuan Suining
6%
Liaoning Tieling
6%
Shaanxi Tongchuan
6%
Guizhou Tongren
6%
Inner Mongolia Wuhai
6%
Gansu Wuwei
6%
Hunan Xiangxi Tujia and Miao AP
6%
Hubei Xianning
6%
Hubei Xiaogan
6%
Inner Mongolia Xilingol League
6%
Jiangxi Xinyu
6%
Shanxi Xinzhou
6%
Anhui Xuancheng
6%
Shaanxi Yan'an
6%
Heilongjiang | Jiangxi Yichun
6%
Jiangxi Yingtan
6%
Hunan Yiyang
6%
Hunan Yongzhou
6%
Hunan Yueyang
6%
Guangdong Yunfu
6%
Yunnan Zhaotong
6%
Henan Zhoukou
6%
Sichuan Ziyang
6%
Xinjiang Changji Hui AP
0%
Heilongjiang Daxing'aling
0%
Sichuan Liangshan Yi AP
0%
Heilongjiang Suiha
0%
No matching quizzes found
Score Distribution
Percent of People with Each Score
Percentile by Number Answered
Your Score History
You have not taken this quiz